| 000 | 00511nam a22001697a 4500 | ||
|---|---|---|---|
| 999 |
_c8422 _d8422 |
||
| 008 | 201124b ||||| |||| 00| 0 eng d | ||
| 040 | _aBMS College of Architecture | ||
| 100 | _aArun, Aishwarya | ||
| 245 | _aA portal to the fisherman's world | ||
| 300 | _a81p. | ||
| 500 | _a1BM14AT004 | ||
| 502 |
_8B,Arch _NBMS College of Architecture, Visvesvaraya Technological University _aProject report _d2018 |
||
| 650 | _aPortal | ||
| 700 |
_aNeetha S N _eGuide |
||
| 700 |
_aPraveen Alva _eGuide |
||
| 942 |
_2ddc _cTHE |
||